Základy európskeho práva a vnútorný trh Európskej únie
Saved in:
| Main Author: | |
|---|---|
| Format: | Book |
| Language: | Slovak |
| Published: |
Bratislava
EUROUNION
2004
|
| Subjects: | |
| Tags: |
No Tags, Be the first to tag this record!
|
MARC
| LEADER | 00000nam$a2200000$$$4500 | ||
|---|---|---|---|
| 001 | 0013472 | ||
| 005 | 20240314091429.1 | ||
| 020 | |a 80-88984-58-0 | ||
| 041 | 0 | |a slo | |
| 044 | |a SK | ||
| 245 | 1 | 0 | |a Základy európskeho práva a vnútorný trh Európskej únie |c Daniela Nováčková |
| 264 | 1 | |a Bratislava |b EUROUNION |c 2004 | |
| 300 | |a 293 s. | ||
| 610 | 2 | 0 | |a právo medzinárodné |
| 610 | 2 | 0 | |a právo európske |
| 610 | 2 | 0 | |a právo komunitárne |
| 610 | 2 | 0 | |a integrácia ekonomická medzinárodná |
| 610 | 2 | 0 | |a Európa |
| 610 | 2 | 0 | |a Európska únia |
| 610 | 2 | 0 | |a Európske spoločenstvá |
| 610 | 2 | 0 | |a právo verejné medzinárodné |
| 610 | 2 | 0 | |a trh vnútorný |
| 610 | 2 | 0 | |a súťaž hospodárska |
| 610 | 2 | 0 | |a pomoc štátna |
| 610 | 2 | 0 | |a politika rozpočtová |
| 610 | 2 | 0 | |a únie menové |
| 610 | 2 | 0 | |a politika zahraničná |
| 610 | 2 | 0 | |a politika bezpečnostná |
| 610 | 2 | 0 | |a súdy |
| 100 | 1 | |a Nováčková, Daniela | |